[Event "FIDE WY-U16 Olympiad 2022"]
[Site "Nakhchivan"]
[Date "2022.10.08"]
[Round "7.8"]
[White "Maklakova, Naomi"]
[Black "Sajidul, Haque"]
[Result "1/2-1/2"]
[WhiteElo "1625"]
[BlackElo "2010"]
[Annotator "TA"]
[PlyCount "165"]
[EventDate "2022.10.02"]
[EventType "team-tourn"]
[EventCountry "AZE"]
[SourceTitle "playchess.com"]
[Source "ChessBase"]
[SourceQuality "1"]
[WhiteTeam "Latvia"]
[BlackTeam "Bangladesh"]
[WhiteTeamCountry "LAT"]
[BlackTeamCountry "BAN"]

1. d4 d5 2. Nf3 Nf6 3. c3 e6 4. Bg5 Be7 5. Nbd2 Nbd7 6. e3 b6 7. Bd3 Bb7 8. Ne5 Nxe5 9. dxe5 Nd7 10. Bxe7 Qxe7 11. Qg4 Nxe5 12. Bb5+ Kf8 13. Qg3 Qd6 14. O-O-O Ng6 15. f4 Qc5 16. Bd3 Re8 17. Nb3 Qd6 18. Rhf1 Qe7 19. Qf2 c5 20. Bc2 Ba6 21. Rfe1 Bc4 22. e4 Qf6 23. g3 Ne7 24. Kb1 Rd8 25. Nd2 Ba6 26. exd5 exd5 27. Ne4 Qc6 28. f5 Re8 29. Ng5 Qf6 30. Qf4 h6 31. Nf3 Bc8 32. g4 g6 33. Qe5 Kg7 34. fxg6 fxg6 35. Qxf6+ Kxf6 36. Ne5 Rhf8 37. h3 b5 38. Nd3 c4 39. Nf4 Rd8 40. Rxe7 Kxe7 41. Nxg6+ Kd6 42. Nxf8 Rxf8 43. Be4 Be6 44. Bg2 Rf2 45. Bf1 a5 46. a4 Kc5 47. axb5 Kxb5 48. Re1 Bf7 49. h4 Bg6+ 50. Ka1 Bd3 51. Bxd3 cxd3 52. Kb1 Kc4 53. Rg1 Kb3 54. g5 hxg5 55. hxg5 d2 56. c4 dxc4 57. Rg3+ Kb4 58. Kc2 Rf8 59. g6 Rd8 60. Kd1 Rg8 61. g7 c3 62. bxc3+ Kb3 63. Kxd2 Kb2 64. Rg4 Kb3 65. c4 a4 66. Kc1 a3 67. Kb1 Ka4 68. Ka2 Kb4 69. Ka1 Kc5 70. Kb1 Kb4 71. Ka2 Ka4 72. c5+ Kb5 73. Rg5 Kc6 74. Kxa3 Kb5 75. Kb3 Kc6 76. Kc4 Kc7 77. Rg6 Kd7 78. c6+ Ke7 79. Kc5 Ke8 80. c7 Kd7 81. Kb6 Kc8 82. Rg2 Rxg7 83. Rxg7 1/2-1/2

[Event "FIDE WY-U16 Olympiad 2022"]
[Site "Nakhchivan"]
[Date "2022.10.08"]
[Round "7.9"]
[White "Samadov, Read"]
[Black "Sapenov, Daniyal"]
[Result "0-1"]
[WhiteElo "2455"]
[BlackElo "2323"]
[Annotator "TA"]
[PlyCount "142"]
[EventDate "2022.10.02"]
[EventType "team-tourn"]
[EventCountry "AZE"]
[SourceTitle "playchess.com"]
[Source "ChessBase"]
[SourceQuality "1"]
[WhiteTeam "Azerbaijan"]
[BlackTeam "Kazakhstan"]
[WhiteTeamCountry "AZE"]
[BlackTeamCountry "KAZ"]

1. d4 Nf6 2. c4 e6 3. Nf3 b6 4. g3 Bb7 5. Bg2 Bb4+ 6. Bd2 Be7 7. Nc3 O-O 8. Qc2 d5 9. cxd5 exd5 10. O-O Nbd7 11. Rfd1 Re8 12. Bf4 a6 13. Rac1 Nh5 14. Be5 c6 15. a3 f6 16. Bf4 Nxf4 17. gxf4 Bd6 18. e3 Kh8 19. Kh1 Nf8 20. Bh3 Ne6 21. Rg1 c5 22. Bxe6 Rxe6 23. Rg3 Bc8 24. Rh3 Re4 25. Rxh7+ Kxh7 26. Nxe4 Kg8 27. Nxd6 Qxd6 28. dxc5 bxc5 29. Qxc5 Qd8 30. Nd4 Bh3 31. Rg1 Rc8 32. Nc6 Rc7 33. Rc1 Qd7 34. f3 Qe6 35. Rc3 d4 36. Qxd4 Rxc6 37. Qd8+ Kh7 38. Qd3+ f5 39. Rxc6 Qxc6 40. Qd1 Qb5 41. b4 Qc6 42. Kg1 Qg6+ 43. Kf2 Qg2+ 44. Ke1 Qg1+ 45. Kd2 Bf1 46. Qe1 Qxh2+ 47. Kc3 Qh3 48. a4 Bg2 49. Kd4 Bxf3 50. Kc5 Qh6 51. b5 axb5 52. axb5 Be4 53. Qc3 Qe6 54. Qd4 Kg6 55. b6 Kf7 56. Kb4 Qd5 57. Qc3 Qd7 58. Ka5 Kg6 59. Kb4 Kh5 60. Qb2 Qd6+ 61. Ka4 Qc6+ 62. Ka5 Kg6 63. Qb4 Kf7 64. Qb2 g6 65. Qb4 Ke6 66. Ka6 Qb7+ 67. Kb5 Qd5+ 68. Ka4 Qa8+ 69. Kb3 Kd7 70. Qc3 Qc6 71. Qg7+ Kc8 0-1

[Event "FIDE WY-U16 Olympiad 2022"]
[Site "Nakhchivan"]
[Date "2022.10.08"]
[Round "7.9"]
[White "Chen, Max"]
[Black "Caputcuoglu, Zeki Berke"]
[Result "1-0"]
[WhiteElo "2154"]
[BlackElo "2370"]
[Annotator "TA"]
[PlyCount "63"]
[EventDate "2022.10.02"]
[EventType "team-tourn"]
[EventCountry "AZE"]
[SourceTitle "playchess.com"]
[Source "ChessBase"]
[SourceQuality "1"]
[WhiteTeam "Canada"]
[BlackTeam "Turkey"]
[WhiteTeamCountry "CAN"]
[BlackTeamCountry "TUR"]

1. e4 e6 2. d4 d5 3. Nd2 Nc6 4. Ngf3 Nf6 5. e5 Nd7 6. c3 f6 7. Bb5 a6 8. Bxc6 bxc6 9. O-O f5 10. c4 Be7 11. c5 a5 12. Re1 h5 13. Qa4 g5 14. Nb3 Kf7 15. Nxa5 g4 16. Nd2 Nf8 17. b4 Bd7 18. Qc2 Ng6 19. a4 f4 20. Qd3 Nh4 21. Nf1 Bg5 22. Bd2 f3 23. g3 Nf5 24. b5 Kg7 25. Reb1 Bxd2 26. Qxd2 Nxd4 27. Qxd4 Rxa5 28. Qd2 Ra8 29. b6 cxb6 30. cxb6 Rb8 31. a5 Rf8 32. b7 1-0

[Event "FIDE WY-U16 Olympiad 2022"]
[Site "Nakhchivan"]
[Date "2022.10.08"]
[Round "7.10"]
[White "Taspinar, Yanki"]
[Black "Chen, Rachel Ruoxuan"]
[Result "1-0"]
[WhiteElo "2325"]
[BlackElo "1805"]
[Annotator "TA"]
[PlyCount "73"]
[EventDate "2022.10.02"]
[EventType "team-tourn"]
[EventCountry "AZE"]
[SourceTitle "playchess.com"]
[Source "ChessBase"]
[SourceQuality "1"]
[WhiteTeam "Turkey"]
[BlackTeam "Canada"]
[WhiteTeamCountry "TUR"]
[BlackTeamCountry "CAN"]

1. e4 e5 2. Nf3 Nc6 3. Bb5 Nf6 4. d3 Bc5 5. Bxc6 dxc6 6. Nc3 Nd7 7. Be3 Bd6 8. h3 f6 9. a3 Nf8 10. Qd2 Ne6 11. Ne2 Qe7 12. O-O g5 13. d4 Nf4 14. Bxf4 exf4 15. e5 fxe5 16. dxe5 Bc5 17. b4 Bb6 18. c4 c5 19. Nc3 Be6 20. Nd5 Bxd5 21. Qxd5 c6 22. Qd3 Rf8 23. Rad1 Rd8 24. Qe4 Bc7 25. b5 cxb5 26. cxb5 b6 27. Rxd8+ Bxd8 28. Rd1 Rf7 29. Qc6+ Kf8 30. Qc8 Ke8 31. e6 Rg7 32. Rd7 Qf6 33. Ne5 Rxd7 34. exd7+ Kf8 35. Nc6 f3 36. gxf3 Qxf3 37. Qxd8+ 1-0

[Event "FIDE WY-U16 Olympiad 2022"]
[Site "Nakhchivan"]
[Date "2022.10.08"]
[Round "7.10"]
[White "Kairbekova, Amina"]
[Black "Talibov, Shiroghlan"]
[Result "1/2-1/2"]
[WhiteElo "2231"]
[BlackElo "2342"]
[Annotator "TA"]
[PlyCount "125"]
[EventDate "2022.10.02"]
[EventType "team-tourn"]
[EventCountry "AZE"]
[SourceTitle "playchess.com"]
[Source "ChessBase"]
[SourceQuality "1"]
[WhiteTeam "Kazakhstan"]
[BlackTeam "Azerbaijan"]
[WhiteTeamCountry "KAZ"]
[BlackTeamCountry "AZE"]

1. e4 c5 2. Nf3 e6 3. d4 cxd4 4. Nxd4 a6 5. Nc3 b5 6. Bd3 Qb6 7. Nb3 Qc7 8. O-O Nf6 9. Qe2 b4 10. Nb1 Nc6 11. f4 d6 12. Be3 h5 13. Kh1 h4 14. N1d2 h3 15. g4 Bb7 16. g5 Nd7 17. Kg1 g6 18. c3 bxc3 19. bxc3 Bg7 20. Rac1 Ne7 21. c4 Rh4 22. c5 d5 23. exd5 Nxd5 24. Ne4 Bc6 25. Bd2 Kf8 26. Qf3 a5 27. Qg3 Rh8 28. Qf2 a4 29. Nd4 Rb8 30. Ba5 Bxd4 31. Qxd4 Qxa5 32. Qxh8+ Ke7 33. Qg7 Rf8 34. Qd4 Rb8 35. Rb1 Qa8 36. Bc4 Rxb1 37. Rxb1 Qa7 38. Re1 Qa5 39. Rb1 Qc7 40. Bxd5 Bxd5 41. Nc3 Bc6 42. a3 Kd8 43. Qh8+ Ke7 44. Qd4 Kd8 45. Na2 e5 46. fxe5 Qxe5 47. Qxe5 Nxe5 48. Nb4 Bg2 49. Kf2 Nf3 50. Rd1+ Kc8 51. Nd5 Nxg5 52. Nf4 Bc6 53. Rd4 Kb7 54. Kg3 Ne4+ 55. Kxh3 g5 56. Nd3 f5 57. Ne5 Bb5 58. Kg2 Nxc5 59. Rd5 Kb6 60. Rd6+ Kc7 61. Rd5 Kb6 62. Rd6+ Kc7 63. Rd5 1/2-1/2

[Event "FIDE WY-U16 Olympiad 2022"]
[Site "Nakhchivan"]
[Date "2022.10.08"]
[Round "7.11"]
[White "Suleymanli, Suleyman"]
[Black "Akhilbay, Imangali"]
[Result "1/2-1/2"]
[WhiteElo "2304"]
[BlackElo "2098"]
[Annotator "TA"]
[PlyCount "91"]
[EventDate "2022.10.02"]
[EventType "team-tourn"]
[EventCountry "AZE"]
[SourceTitle "playchess.com"]
[Source "ChessBase"]
[SourceQuality "1"]
[WhiteTeam "Azerbaijan"]
[BlackTeam "Kazakhstan"]
[WhiteTeamCountry "AZE"]
[BlackTeamCountry "KAZ"]

1. Nf3 Nf6 2. g3 g6 3. Bg2 Bg7 4. d4 O-O 5. O-O d5 6. c4 Nc6 7. cxd5 Nxd5 8. Nc3 Nb6 9. e3 a5 10. Nd2 a4 11. Nde4 Ra5 12. f4 f6 13. Bd2 e5 14. d5 Nb4 15. Nxa4 Rxa4 16. b3 Rxa2 17. Bxb4 Rxg2+ 18. Kxg2 Nxd5 19. Qd2 Bf5 20. Nf2 exf4 21. gxf4 Re8 22. Rfe1 Re4 23. Ra8 Qxa8 24. Qxd5+ Re6 25. e4 c6 26. Qd1 c5 27. exf5 b6+ 28. Kg1 Rxe1+ 29. Bxe1 gxf5 30. Qd3 Qc8 31. Qd5+ Kh8 32. Bc3 b5 33. Qd6 Qe8 34. Bxf6 Qg6+ 35. Kf1 Qxf6 36. Qxc5 Qa1+ 37. Kg2 Qa8+ 38. Kg3 Qg8 39. Qxb5 Bd4+ 40. Kf3 Qa8+ 41. Kg3 Qg8+ 42. Kf3 Qa8+ 43. Kg3 Qg8+ 44. Kf3 Qa8+ 45. Kg3 Qg8+ 46. Kf3 1/2-1/2

[Event "FIDE WY-U16 Olympiad 2022"]
[Site "Nakhchivan"]
[Date "2022.10.08"]
[Round "7.11"]
[White "Zhao, Jeffrey Renfei"]
[Black "Camlar, Arda"]
[Result "0-1"]
[WhiteElo "1807"]
[BlackElo "2322"]
[Annotator "TA"]
[PlyCount "74"]
[EventDate "2022.10.02"]
[EventType "team-tourn"]
[EventCountry "AZE"]
[SourceTitle "playchess.com"]
[Source "ChessBase"]
[SourceQuality "1"]
[WhiteTeam "Canada"]
[BlackTeam "Turkey"]
[WhiteTeamCountry "CAN"]
[BlackTeamCountry "TUR"]

1. e4 c5 2. Nf3 e6 3. d4 cxd4 4. Nxd4 Nf6 5. Nc3 Nc6 6. Ndb5 Bc5 7. Nd6+ Ke7 8. Bf4 e5 9. Nf5+ Kf8 10. Bg5 d6 11. Bd3 h6 12. Bxf6 Qxf6 13. Nd5 Qd8 14. O-O g6 15. Nfe3 Kg7 16. c3 a6 17. a4 Be6 18. Qd2 Rf8 19. Rad1 f5 20. exf5 gxf5 21. Bb1 a5 22. Kh1 Ne7 23. Nxe7 Qxe7 24. Nd5 Qf7 25. f3 f4 26. Qd3 Kh8 27. Qe4 Rg8 28. Rfe1 Qg7 29. Re2 Raf8 30. Qc2 Qf7 31. Qe4 Rg5 32. Qd3 Rfg8 33. Nf6 Bc4 34. Qh7+ Qxh7 35. Bxh7 Bxe2 36. Re1 Bxf3 37. Be4 Rxg2 0-1

[Event "FIDE WY-U16 Olympiad 2022"]
[Site "Nakhchivan"]
[Date "2022.10.08"]
[Round "7.12"]
[White "Nurgaliyev, Sauat"]
[Black "Abdinova, Narmin"]
[Result "1/2-1/2"]
[WhiteElo "2079"]
[BlackElo "1810"]
[Annotator "TA"]
[PlyCount "117"]
[EventDate "2022.10.02"]
[EventType "team-tourn"]
[EventCountry "AZE"]
[SourceTitle "playchess.com"]
[Source "ChessBase"]
[SourceQuality "1"]
[WhiteTeam "Kazakhstan"]
[BlackTeam "Azerbaijan"]
[WhiteTeamCountry "KAZ"]
[BlackTeamCountry "AZE"]

1. e4 e5 2. Nf3 Nc6 3. Bb5 a6 4. Ba4 Nf6 5. O-O Be7 6. Re1 b5 7. Bb3 O-O 8. c3 Na5 9. Bc2 d5 10. Nxe5 dxe4 11. b4 Bd6 12. d4 exd3 13. Qxd3 Bxe5 14. bxa5 Qxd3 15. Bxd3 Re8 16. g3 Bb7 17. Ba3 Rad8 18. Bf1 Nd5 19. Bg2 Ba8 20. Rc1 b4 21. Bb2 Bf6 22. Bf1 Bb7 23. a3 c5 24. axb4 cxb4 25. Ra2 h6 26. Ba1 Bg5 27. Rd1 bxc3 28. Nxc3 Nxc3 29. Rxd8 Rxd8 30. Bxc3 Rd1 31. h4 Bd5 32. Re2 Bf6 33. Re1 Rxe1 34. Bxe1 Bb7 35. Bb4 Bd4 36. Bc4 g6 37. Kf1 Kg7 38. Ke2 f5 39. Bd2 Be5 40. Bd3 Bd4 41. h5 Bc8 42. hxg6 Kxg6 43. Kf3 Bb7+ 44. Kf4 Kf6 45. Bb4 h5 46. Be1 Bc8 47. Be2 Kg6 48. Bf3 Bd7 49. Bd1 Bb5 50. Bf3 Bb2 51. Ke3 Bf6 52. Be2 f4+ 53. Kf3 Bxe2+ 54. Kxe2 fxg3 55. fxg3 Kf5 56. Kf3 Bd8 57. Bd2 Bc7 58. Be1 Bd8 59. Bd2 1/2-1/2

[Event "FIDE WY-U16 Olympiad 2022"]
[Site "Nakhchivan"]
[Date "2022.10.08"]
[Round "7.12"]
[White "Alagoz, Zumra Meryem"]
[Black "Jiang, Kate Yuhua"]
[Result "1/2-1/2"]
[WhiteElo "1800"]
[BlackElo "1649"]
[Annotator "NA RC COMBH"]
[PlyCount "88"]
[EventDate "2022.10.02"]
[EventType "team-tourn"]
[EventCountry "AZE"]
[SourceTitle "playchess.com"]
[Source "ChessBase"]
[SourceQuality "1"]
[WhiteTeam "Turkey"]
[BlackTeam "Canada"]
[WhiteTeamCountry "TUR"]
[BlackTeamCountry "CAN"]

1. e4 e5 2. Nc3 Nc6 3. f4 exf4 4. Nf3 d6 5. d4 g5 6. h4 g4 7. Ng5 h6 8. Nxf7 Kxf7 9. Bc4+ Ke8 10. Bxf4 Bg7 11. Be3 Nf6 12. a3 Qe7 13. Qd3 Be6 14. Bxe6 Qxe6 15. d5 Qe5 16. dxc6 Qg3+ 17. Bf2 Qxd3 18. cxd3 bxc6 19. O-O Nd7 20. d4 Rf8 21. Rac1 Nb6 22. Ne2 Kd7 23. Rc2 Nc8 24. Rfc1 Ne7 25. b4 Rac8 26. Ng3 a5 27. Nh5 Bh8 28. Kh2 axb4 29. axb4 Rb8 30. Rb1 Rb5 31. Ng3 Rfb8 32. Rc4 c5 33. dxc5 Be5 34. Kg1 Ke6 35. Ne2 h5 36. cxd6 cxd6 37. Nd4+ Bxd4 38. Bxd4 d5 39. exd5+ Kxd5 40. Rc7 Kxd4 41. Rd1+ Ke5 42. Rxe7+ Kf6 43. Re4 Rxb4 44. Rf1+ Kg6 1/2-1/2

[Event "FIDE WY-U16 Olympiad 2022"]
[Site "Nakhchivan"]
[Date "2022.10.08"]
[Round "7.13"]
[White "Omonov, Asrorjon"]
[Black "Hidalgo Diaz, Daniel"]
[Result "1/2-1/2"]
[WhiteElo "2064"]
[BlackElo "2315"]
[Annotator "TA"]
[PlyCount "87"]
[EventDate "2022.10.02"]
[EventType "team-tourn"]
[EventCountry "AZE"]
[SourceTitle "playchess.com"]
[Source "ChessBase"]
[SourceQuality "1"]
[WhiteTeam "Uzbekistan"]
[BlackTeam "Cuba"]
[WhiteTeamCountry "UZB"]
[BlackTeamCountry "CUB"]

1. d4 Nf6 2. Nf3 e6 3. Bf4 c5 4. e3 b6 5. Nbd2 Bb7 6. Bd3 Be7 7. h3 O-O 8. O-O d6 9. c3 Nc6 10. Bh2 a6 11. a4 Re8 12. Re1 Bf8 13. Bf1 d5 14. Bd3 g6 15. Ne5 Nxe5 16. dxe5 Nd7 17. f4 Bg7 18. Nf3 Qc8 19. h4 f5 20. exf6 Bxf6 21. h5 Nf8 22. hxg6 Nxg6 23. Bxg6 hxg6 24. Ne5 Re7 25. Qg4 Qe8 26. Bg3 Rh7 27. a5 b5 28. Kf2 Bxe5 29. fxe5 d4 30. e4 dxc3 31. bxc3 Rd8 32. Rad1 Rhd7 33. Rd6 Rxd6 34. exd6 e5 35. Rd1 Rxd6 36. Rxd6 Qf8+ 37. Ke3 Qxd6 38. Qg5 c4 39. Qxe5 Qd3+ 40. Kf2 Qxe4 41. Qxe4 Bxe4 42. Bd6 Kf7 43. g3 Ke6 44. Bb4 1/2-1/2

[Event "FIDE WY-U16 Olympiad 2022"]
[Site "Nakhchivan"]
[Date "2022.10.08"]
[Round "7.13"]
[White "Southcott-Moyers, Indy"]
[Black "Wiratunga, Jenith"]
[Result "0-1"]
[WhiteElo "1952"]
[BlackElo "1824"]
[Annotator "TA"]
[PlyCount "162"]
[EventDate "2022.10.02"]
[EventType "team-tourn"]
[EventCountry "AZE"]
[SourceTitle "playchess.com"]
[Source "ChessBase"]
[SourceQuality "1"]
[WhiteTeam "England"]
[BlackTeam "Sri Lanka"]
[WhiteTeamCountry "ENG"]
[BlackTeamCountry "SRI"]

1. d4 Nf6 2. c4 e6 3. Nf3 d5 4. cxd5 exd5 5. Nc3 c6 6. Qc2 Be7 7. Bg5 Nbd7 8. e3 Nf8 9. Bd3 Ne6 10. Bh4 g6 11. O-O Ng7 12. Bg3 O-O 13. h3 Bf5 14. Be5 a5 15. a3 Bxd3 16. Qxd3 Nf5 17. Rab1 Nd7 18. Bh2 Bd6 19. Bxd6 Nxd6 20. e4 dxe4 21. Nxe4 Nxe4 22. Qxe4 Nf6 23. Qh4 Kg7 24. Rfe1 Nd5 25. Qg3 Qf6 26. Ne5 Rfd8 27. Rbd1 a4 28. Ng4 Qd6 29. Qh4 h5 30. Ne3 Qf4 31. Qxf4 Nxf4 32. Rd2 f6 33. Kf1 Kf7 34. h4 Nd5 35. Nxd5 Rxd5 36. Rde2 Rd7 37. Re4 Ra5 38. Rc1 Rb5 39. Rc4 Rxb2 40. Rxa4 f5 41. Re2 Rb3 42. Rc2 Rd3 43. Rb2 b5 44. Ra6 Rd1+ 45. Ke2 R1xd4 46. g3 Rc4 47. Ra8 Re7+ 48. Kf3 Kg7 49. Rd2 f4 50. Kg2 Rf7 51. Rd3 Rc2 52. Kg1 fxg3 53. fxg3 Rcf2 54. Rd1 R2f3 55. Kg2 Rf2+ 56. Kg1 R2f3 57. Kg2 Rf2+ 58. Kg1 Rc2 59. Rd3 Re7 60. Kf1 Rh2 61. Kg1 Rhe2 62. Kf1 R2e3 63. Rxe3 Rxe3 64. Kf2 Rc3 65. a4 Ra3 66. Rc8 Rxa4 67. Rxc6 Rc4 68. Rb6 b4 69. Kg2 Rg4 70. Kf3 Kf7 71. Rc6 Ke7 72. Rc5 Kd6 73. Rc8 Kd5 74. Rc7 Rc4 75. Rd7+ Kc6 76. Rg7 Rg4 77. Rg8 Kb5 78. Ra8 b3 79. Rb8+ Ka4 80. Kf2 Ka3 81. Ra8+ Ra4 0-1

[Event "FIDE WY-U16 Olympiad 2022"]
[Site "Nakhchivan"]
[Date "2022.10.08"]
[Round "7.14"]
[White "Gonzalez Soler, Leduard Manuel"]
[Black "Khamdamova, Afruza"]
[Result "1/2-1/2"]
[WhiteElo "2251"]
[BlackElo "2118"]
[Annotator "TA"]
[PlyCount "105"]
[EventDate "2022.10.02"]
[EventType "team-tourn"]
[EventCountry "AZE"]
[SourceTitle "playchess.com"]
[Source "ChessBase"]
[SourceQuality "1"]
[WhiteTeam "Cuba"]
[BlackTeam "Uzbekistan"]
[WhiteTeamCountry "CUB"]
[BlackTeamCountry "UZB"]

1. Nf3 Nf6 2. c4 e6 3. g3 d5 4. Bg2 dxc4 5. Qa4+ Nbd7 6. Qxc4 a6 7. Qc2 c5 8. O-O b5 9. d4 Bb7 10. a4 Rc8 11. axb5 axb5 12. Qd1 Qb6 13. e3 Be7 14. Nc3 O-O 15. Bd2 cxd4 16. Nxd4 Bxg2 17. Kxg2 b4 18. Na4 Qb7+ 19. f3 Ne5 20. Qe2 Nc4 21. Rac1 Nxd2 22. Qxd2 e5 23. Nf5 Rcd8 24. Qe2 e4 25. f4 Rd5 26. Nd4 Rfd8 27. b3 h5 28. h3 Ne8 29. Rc2 Bf6 30. Nc6 R8d6 31. Qc4 Rd2+ 32. Rf2 Rxf2+ 33. Kxf2 Qd7 34. Qxe4 Rd2+ 35. Kf3 Rxc2 36. Qxc2 Qxh3 37. Nd4 Qg4+ 38. Kg2 Bxd4 39. exd4 h4 40. Qf2 hxg3 41. Qxg3 Qe2+ 42. Qf2 Qe4+ 43. Kf1 Nf6 44. Nc5 Qh1+ 45. Qg1 Qf3+ 46. Qf2 Qd1+ 47. Kg2 Ng4 48. Qf3 Qd2+ 49. Kg3 Ne3 50. Qa8+ Kh7 51. Qh1+ Kg6 52. Qc6+ Kh7 53. Qh1+ 1/2-1/2

[Event "FIDE WY-U16 Olympiad 2022"]
[Site "Nakhchivan"]
[Date "2022.10.08"]
[Round "7.14"]
[White "Nabil Nazar, Mohamed"]
[Black "Pal, Rohan"]
[Result "1/2-1/2"]
[WhiteElo "1987"]
[BlackElo "1871"]
[Annotator "TA"]
[PlyCount "72"]
[EventDate "2022.10.02"]
[EventType "team-tourn"]
[EventCountry "AZE"]
[SourceTitle "playchess.com"]
[Source "ChessBase"]
[SourceQuality "1"]
[WhiteTeam "Sri Lanka"]
[BlackTeam "England"]
[WhiteTeamCountry "SRI"]
[BlackTeamCountry "ENG"]

1. d4 Nf6 2. Bf4 b6 3. e3 Bb7 4. Nf3 g6 5. Bd3 Bg7 6. Nbd2 d6 7. Qe2 Nh5 8. Bg5 h6 9. Bh4 g5 10. Bg3 Nxg3 11. hxg3 Nd7 12. c3 c5 13. a4 a6 14. Rd1 Qc7 15. g4 Nf6 16. e4 Nxg4 17. e5 dxe5 18. Bf5 Nf6 19. dxe5 Nd5 20. g3 h5 21. e6 O-O-O 22. O-O h4 23. c4 Nf4 24. exf7+ Kb8 25. gxf4 Qxf4 26. Qe6 Rxd2 27. Rxd2 Qxf3 28. Rd5 h3 29. f8=Q+ Bxf8 30. Qe5+ Ka7 31. Be4 h2+ 32. Qxh2 Qxe4 33. Qxh8 Qg4+ 34. Kh2 Qf4+ 35. Kh3 Qf3+ 36. Kh2 Qf4+ 1/2-1/2

[Event "FIDE WY-U16 Olympiad 2022"]
[Site "Nakhchivan"]
[Date "2022.10.08"]
[Round "7.15"]
[White "Subramanian, Anusha"]
[Black "Saravanabaavan, Brijeash"]
[Result "1-0"]
[WhiteElo "1840"]
[BlackElo "1679"]
[Annotator "NA RC COMBH"]
[PlyCount "83"]
[EventDate "2022.10.02"]
[EventType "team-tourn"]
[EventCountry "AZE"]
[SourceTitle "playchess.com"]
[Source "ChessBase"]
[SourceQuality "1"]
[WhiteTeam "England"]
[WhiteTeamCountry "ENG"]

1. b3 d5 2. Bb2 Nf6 3. Nf3 e6 4. e3 Be7 5. c4 O-O 6. Be2 c5 7. cxd5 Nxd5 8. O-O Nc6 9. a3 Bf6 10. Qc2 Bxb2 11. Qxb2 b6 12. Nc3 Bb7 13. Rfd1 Qf6 14. d4 Nxc3 15. Qxc3 Rac8 16. Qe1 cxd4 17. Nxd4 Nxd4 18. Rxd4 Qg6 19. Qf1 Rc3 20. Bc4 b5 21. Bxb5 Rxb3 22. Bc4 Rb6 23. Rad1 h6 24. a4 Qg5 25. h4 Qe7 26. a5 Rb2 27. Rd7 Qc5 28. a6 Bc6 29. Rd8 Qb6 30. Rxf8+ Kxf8 31. Qd3 g6 32. h5 gxh5 33. Qh7 Qb8 34. Qxh6+ Ke8 35. Bxe6 Qb5 36. Qf6 Bd5 37. Bxf7+ Kd7 38. Rxd5+ Qxd5 39. Bxd5 Rb1+ 40. Kh2 Rb6 41. Qxb6 axb6 42. a7 1-0

[Event "FIDE WY-U16 Olympiad 2022"]
[Site "Nakhchivan"]
[Date "2022.10.08"]
[Round "7.15"]
[White "Abdukhakimov, Akbarali"]
[Black "Hernandez Izquierdo, Jose A."]
[Result "1-0"]
[WhiteElo "1777"]
[BlackElo "2140"]
[Annotator "TA"]
[PlyCount "77"]
[EventDate "2022.10.02"]
[EventType "team-tourn"]
[EventCountry "AZE"]
[SourceTitle "playchess.com"]
[Source "ChessBase"]
[SourceQuality "1"]
[WhiteTeam "Uzbekistan"]
[BlackTeam "Cuba"]
[WhiteTeamCountry "UZB"]
[BlackTeamCountry "CUB"]

1. e4 c5 2. Nc3 e6 3. Nge2 Nc6 4. g3 a6 5. Bg2 g6 6. d4 cxd4 7. Nxd4 Bg7 8. Nxc6 bxc6 9. Qd6 Qe7 10. Qd3 Nf6 11. e5 Nd5 12. f4 d6 13. exd6 Qxd6 14. Ne4 Qe7 15. c4 O-O 16. O-O Nb4 17. Qe2 a5 18. Be3 Na6 19. Rad1 Bb7 20. Qf2 Rfd8 21. Bb6 Rxd1 22. Rxd1 c5 23. Nxc5 Bxg2 24. Qxg2 Rb8 25. Nd7 Re8 26. Qb7 e5 27. fxe5 Nb4 28. Bc5 Qe6 29. Bxb4 axb4 30. Qd5 Qg4 31. Rf1 Rd8 32. Qxf7+ Kh8 33. e6 Bd4+ 34. Kh1 Qe4+ 35. Rf3 Bg7 36. e7 Qe1+ 37. Kg2 Qe2+ 38. Kh3 Rg8 39. Qxg8+ 1-0

[Event "FIDE WY-U16 Olympiad 2022"]
[Site "Nakhchivan"]
[Date "2022.10.08"]
[Round "7.16"]
[White "Caballero Ramos, Greter"]
[Black "Botiraliev, Abdumajid"]
[Result "0-1"]
[WhiteElo "1912"]
[BlackElo "1552"]
[Annotator "TA"]
[PlyCount "68"]
[EventDate "2022.10.02"]
[EventType "team-tourn"]
[EventCountry "AZE"]
[SourceTitle "playchess.com"]
[Source "ChessBase"]
[SourceQuality "1"]
[WhiteTeam "Cuba"]
[BlackTeam "Uzbekistan"]
[WhiteTeamCountry "CUB"]
[BlackTeamCountry "UZB"]

1. e4 c5 2. Nf3 d6 3. d4 cxd4 4. Nxd4 Nf6 5. Nc3 g6 6. Be3 Bg7 7. Bc4 O-O 8. f3 Nc6 9. Bb3 Bd7 10. h4 Na5 11. h5 Nxb3 12. axb3 a6 13. Qd2 b5 14. Bh6 e5 15. Nde2 Be6 16. Bxg7 Kxg7 17. O-O-O b4 18. Na4 Rc8 19. Kb1 Qc7 20. g4 d5 21. Ng3 dxe4 22. g5 Nxh5 23. Nxh5+ gxh5 24. fxe4 Rfd8 25. Qf2 Bg4 26. Rc1 Rd4 27. Rhe1 Qc6 28. Qf1 a5 29. Qf2 Rc7 30. Re3 Qg6 31. c3 Qxg5 32. cxd4 Rxc1+ 33. Ka2 Qf4 34. Qd2 Rd1 0-1

[Event "FIDE WY-U16 Olympiad 2022"]
[Site "Nakhchivan"]
[Date "2022.10.08"]
[Round "7.16"]
[White "Wickramasinghe, Minethma Lasandi"]
[Black "Dasgupta, Avyukt"]
[Result "0-1"]
[WhiteElo "1574"]
[BlackElo "1687"]
[Annotator "NA RC COMBH"]
[PlyCount "144"]
[EventDate "2022.10.02"]
[EventType "team-tourn"]
[EventCountry "AZE"]
[SourceTitle "playchess.com"]
[Source "ChessBase"]
[SourceQuality "1"]
[WhiteTeam "Sri Lanka"]
[BlackTeam "England"]
[WhiteTeamCountry "SRI"]
[BlackTeamCountry "ENG"]

1. e4 e6 2. d4 d5 3. Nc3 dxe4 4. Nxe4 Bd7 5. Nf3 Bc6 6. Bd3 Nd7 7. O-O Ngf6 8. Ng3 g6 9. b3 Bg7 10. Ba3 Bf8 11. Bb2 Bg7 12. c4 O-O 13. Qe2 Bxf3 14. Qxf3 c6 15. b4 Nb6 16. a4 a5 17. b5 Rc8 18. Rfc1 Ne8 19. Ne2 Nf6 20. Bc3 cxb5 21. Bxa5 bxc4 22. Bxc4 Qd6 23. Qb3 Nxc4 24. Bb4 Qd5 25. Bxf8 Bxf8 26. a5 Ne4 27. Qd3 Ned6 28. Nc3 Qc6 29. d5 Qd7 30. dxe6 Qxe6 31. Nd5 Rc5 32. Ne3 Rxa5 33. Rxa5 Nxa5 34. Nd5 Nc6 35. Nf4 Qf6 36. Nd5 Qd4 37. Qb3 Na5 38. Qa2 Nac4 39. Nc3 Bh6 40. Ne2 Qd3 41. Ra1 Bd2 42. Ng3 Ba5 43. Qa4 b5 44. Qa2 b4 45. Rb1 Nb5 46. Ne2 Nba3 47. Rf1 b3 48. Nc1 Qxf1+ 49. Kxf1 bxa2 50. Nxa2 Bd2 51. Ke2 Nb5 52. Kd3 Nbd6 53. Kd4 Kg7 54. f3 Kf6 55. g3 Kf5 56. Kd3 h5 57. Nc3 Bxc3 58. Kxc3 Ne5 59. f4 Ne4+ 60. Kd4 Nf3+ 61. Ke3 Nxh2 62. Ke2 Nxg3+ 63. Kf2 h4 64. Kg2 Kxf4 65. Kxh2 Nf1+ 66. Kg2 g5 67. Kg1 g4 68. Kxf1 g3 69. Kg2 h3+ 70. Kxh3 Kf3 71. Kh4 g2 72. Kg5 g1=Q+ 0-1